000 01246cam a2200361 a 4500
003 CHAP
005 20220329142129.0
008 990830d1997 es a r 00110 spa d
010 _a78909
011 _a79881
020 _a8471147092
035 _a90298
040 _cCHAP
082 0 4 _a635.8
_bG44
100 0 0 _aGea Alegría, Francisco José.
_947373
245 1 0 _aMicosis del cultivo del champiñón
_c/por Francisco José Gea Alegría y Javier Tello Marquina
260 _aMadrid :
_bMundi-Prensa,
_c1997
300 _a212 p. :
_bilus.
590 _aBATCH-UPD
_b10
_c20130110
_lUCH01
_h0525
590 _aBATCH-UPD
_b10
_c20130110
_lUCH01
_h2203
590 _aBATCH-UPD
_b10
_c20130410
_lUCH01
_h0205
590 _aBATCH-UPD
_b10
_c20130914
_lUCH01
_h1534
590 _aCONVERSION
_b10
_c20130109
_lUCH01
_h1344
650 1 4 _aAgaricus bisporus.
_91063
650 1 4 _aMicosis.
_975488
650 1 4 _aSetas
_xEnfermedades.
_9105374
700 0 _aTello Marquina, Javier C.
_9112103
901 _aBK
905 _aGuadalupe Pinto C.
942 _cLIBRO
949 _a635.8 G44
_bBC
_cLIBRO
_d33724000737813
_eLIBRO
_gI. 198921
_h96013
_i90298
_so
_t$252.00
949 _a635.8 G44
_bBC
_cLIBRO
_d33724002045678
_eLIBRO
_fc.2
_g$ 360.00
_h108492
_i90298
_mCompra
_si
999 _c78909
_d78909